Very Difficult Flags #9 - Statistics

General Stats
  • This quiz has been taken 115 times
  • The average score is 7 of 16
Answer Stats
Picture Answer % Correct
Trinidad and Tobago
94%
United Nations
85%
French Republic
78%
Wyoming
76%
French Guiana
70%
Falkland Islands
64%
Wallis and Futuna
55%
Amsterdam
53%
New York (City)
44%
Athens Empire
40%
Northwest Territories
26%
French Indochina
14%
Minneapolis
9%
Buenos Aires (Province)
7%
Hainan
6%
Bahia Brazil
5%
No matching quizzes found
Score Distribution
Percent of People with Each Score
Percentile by Number Answered
Your Score History
You have not taken this quiz